• 首页
  • 本馆介绍
  • 公告通知
  • 最新文献
  • 馆藏检索
  • 电子资源
  • 读者导购
  • 参考咨询
  • 我的图书馆
  • 登录
  • 详细信息显示
  • 放入我的书架
  • 预约/预借图书
  • 作者相关作品
  • 分类相关作品
  • 丛书相关作品
  • 出版社相关作品

书目信息

  • 表格格式
  • 工作单格式
  • 卡片格式
题名:
彩绘全注全译全解闲情偶寄
    
 
作者: 李渔 著 ;鸿恩 主编
分册:  
出版信息: 北京   北京联合出版公司  2014
页数: 10, 430页
开本: 25cm
丛书名:
单 册:
中图分类: I264.9
科图分类:
主题词: 杂文集--中国--清代
电子资源:
ISBN: 978-7-5502-3738-4
000 00984nam0 2200265 450
001 338170
005 20150601145407.78
010    @a978-7-5502-3738-4@b精装@dCNY75.00
100    @a20141224d2014 em y0chiy50 ea
101 0  @achi
102    @aCN@b110000
105    @aa z 000yy
106    @ar
200 1  @a彩绘全注全译全解闲情偶寄@Acai hui quan zhu quan yi quan jie xian qing ou ji@f(清) 李渔著@g鸿恩主编
210    @a北京@c北京联合出版公司@d2014
215    @a10, 430页@c图@d25cm
300    @a中华修身宝典 国学典藏馆
330    @a本书对《闲情偶寄》进行了解读。全书共分词曲、演习、声容、居室、器玩、饮馔、种植、颐养八部。细谈戏曲的创作和表演, 器具古玩的摆设, 妇女的修容打扮, 养生之道及花鸟鱼虫等闲情雅兴, 触及古代日常生活各个领域。
605    @a《闲情偶寄》@x译文
606 0  @a杂文集@y中国@z清代
690    @aI264.9@v5
701  0 @c(清)@a李渔@Ali yu@f(1610 1680)@4著
702  0 @a鸿恩@Ahong en@4主编
801  0 @aCN@b卓展宏图@c20150525
905    @dI264.9@e1614@f3
    
    彩绘全注全译全解闲情偶寄/(清) 李渔著/鸿恩主编.-北京:北京联合出版公司,2014
    10, 430页:图;25cm
    中华修身宝典 国学典藏馆
    
    ISBN 978-7-5502-3738-4(精装):CNY75.00
    本书对《闲情偶寄》进行了解读。全书共分词曲、演习、声容、居室、器玩、饮馔、种植、颐养八部。细谈戏曲的创作和表演, 器具古玩的摆设, 妇女的修容打扮, 养生之道及花鸟鱼虫等闲情雅兴, 触及古代日常生活各个领域。
●
相关链接 在E读中查询图书 在五车中查询图书 在当当中查询图书 在豆瓣中查询图书


正题名:彩绘全注全译全解闲情偶寄     索取号:I264.9/1614         预约/预借

序号 登录号 条形码 馆藏地/架位号 状态 备注
1 857624   208576245   第一样本阅览室/ [索取号:I264.9/1614] 在馆    
2 857625   208576254   第二借阅区/ [索取号:I264.9/1614] 在馆    
3 857626   208576263   第二借阅区/ [索取号:I264.9/1614] 在馆    
唐山师范学院图书馆 欢迎您!
大连网信软件有限公司© 版权所有